[Event "Regionalliga SO 0708"]
[Site "Bayern"]
[Date "2008.01.20"]
[Round "5.7"]
[White "Huber, Hans"]
[Black "Rossmanith, Alexander"]
[Result "1-0"]
[WhiteElo "1920"]
[BlackElo "2013"]
[PlyCount "33"]
[EventDate "2007.10.21"]
[EventType "team-tourn"]
[EventRounds "9"]
[EventCountry "GER"]
[SourceTitle "EXT 2009"]
[Source "ChessBase"]
[SourceDate "2008.11.26"]
[SourceVersion "1"]
[SourceVersionDate "2008.11.26"]
[SourceQuality "1"]
[WhiteTeam "Trostberg"]
[BlackTeam "Germering"]
[WhiteTeamCountry "GER"]
[BlackTeamCountry "GER"]

1. Nf3 d6 2. d4 f5 3. c4 g6 4. g3 Bg7 5. Bg2 Nf6 6. Nc3 0-0 7. 0-0 Qe8 8. d5 Na6 9. e4 Nc5 10. e5 Nfe4 11. Nxe4 Nxe4 12. exd6 exd6 13. Qc2 Bd7 14. Re1 Qf7 15. Ng5 Nxg5 16. Bxg5 Bd4 17. Re7 1-0

[Event "Regionalliga SO 0102"]
[Site "Bayern"]
[Date "2002.01.20"]
[Round "4.8"]
[White "Schuler, Matthias"]
[Black "Rossmanith, Alexander"]
[Result "0-1"]
[WhiteElo "1965"]
[BlackElo "1990"]
[PlyCount "84"]
[EventDate "2001.10.07"]
[EventType "team-tourn"]
[EventRounds "9"]
[EventCountry "GER"]
[SourceTitle "EXT 2003"]
[Source "ChessBase"]
[SourceDate "2002.11.25"]
[SourceVersion "1"]
[SourceVersionDate "2002.11.25"]
[SourceQuality "1"]
[WhiteTeam "Dorfen"]
[BlackTeam "Unterpfaffenhofen"]
[WhiteTeamCountry "GER"]
[BlackTeamCountry "GER"]

1. e4 c5 2. Nc3 Nc6 3. f4 e6 4. Nf3 d5 5. Bb5 Nge7 6. 0-0 d4 7. Ne2 a6 8. Bxc6+ Nxc6 9. d3 Be7 10. Ng3 f5 11. Qe2 0-0 12. a3 Qc7 13. Bd2 Bd7 14. Rae1 Rae8 15. Ng5 g6 16. Qf3 h6 17. Nh3 Bf6 18. Re2 Ne7 19. Rfe1 Bc6 20. Qf1 Nc8 21. b3 Bg7 22. Kh1 Nd6 23. exf5 exf5 24. Ng1 Rxe2 25. Rxe2 Re8 26. Nf3 Bxf3 27. Qxf3 Qf7 28. Qf2 Re6 29. Qe1 Rxe2 30. Nxe2 Qe6 31. Ng1 Qxe1 32. Bxe1 Nb5 33. a4 Na3 34. Nf3 b6 35. Bh4 Nxc2 36. Nd2 Nb4 37. Bd8 b5 38. a5 Nxd3 39. g3 Nf2+ 40. Kg2 Ne4 41. Nf1 c4 42. Kf3 cxb3 0-1

[Event "Bayern-chI Bank Hofmann 5th"]
[Site "Bad Wiessee"]
[Date "2001.10.31"]
[Round "5"]
[White "Rossmanith, Alexander"]
[Black "Dirr, Ulrich"]
[Result "1-0"]
[WhiteElo "2183"]
[BlackElo "2323"]
[PlyCount "121"]
[EventDate "2001.10.27"]
[EventType "swiss"]
[EventRounds "9"]
[EventCountry "GER"]
[SourceTitle "EXT 2003"]
[Source "ChessBase"]
[SourceDate "2002.11.25"]
[SourceVersion "1"]
[SourceVersionDate "2002.11.25"]
[SourceQuality "1"]

1. e4 e6 2. d4 d5 3. Nc3 Bb4 4. e5 Ne7 5. a3 Bxc3+ 6. bxc3 c5 7. Qg4 0-0 8. Bd3 f5 9. exf6 Rxf6 10. Bg5 Rf7 11. Qh4 h6 12. Bxe7 Rxe7 13. Ne2 Nc6 14. f4 Bd7 15. g4 Be8 16. dxc5 e5 17. 0-0 Qa5 18. fxe5 Qxc5+ 19. Nd4 Nxd4 20. cxd4 Qxd4+ 21. Kh1 Rxe5 22. Qg3 Bc6 23. Qf3 Re4 24. Rad1 Qc5 25. Qf5 Qxa3 26. g5 Qe7 27. gxh6 d4 28. Kg1 gxh6 29. Qg6+ Qg7 30. Qxg7+ Kxg7 31. Bxe4 Bxe4 32. Rxd4 Bxc2 33. Rc1 Bf5 34. Rc7+ Kf6 35. Rxb7 Rc8 36. Rd6+ Kg5 37. Rg7+ Kf4 38. Rxh6 Rc1+ 39. Kf2 Rc2+ 40. Ke1 Rc1+ 41. Kd2 Rc2+ 42. Kd1 Ra2 43. Rh4+ Ke5 44. Re7+ Kf6 45. Re2 Ra1+ 46. Kd2 a5 47. Rf2 Ra2+ 48. Ke3 Ra3+ 49. Ke2 Kg5 50. Rh8 Bg4+ 51. Kd2 Bf3 52. h4+ Kg4 53. Rg8+ Kh5 54. Rh8+ Kg4 55. Rf1 Be4 56. Rg1+ Kh3 57. h5 Kh2 58. Rg7 Rh3 59. h6 a4 60. h7 a3 61. Rhg8 1-0

[Event "Regionalliga SO 9900"]
[Site "Bayern"]
[Date "2000.??.??"]
[Round "7.6"]
[White "Rossmanith, Alexander"]
[Black "Heigl, Rudolf"]
[Result "1-0"]
[WhiteElo "1995"]
[BlackElo "2005"]
[PlyCount "49"]
[EventDate "1999.??.??"]
[EventType "team-tourn"]
[EventRounds "9"]
[EventCountry "GER"]
[SourceTitle "EXT 2020"]
[Source "ChessBase"]
[SourceDate "2019.10.17"]
[SourceVersion "1"]
[SourceVersionDate "2019.10.17"]
[SourceQuality "1"]
[WhiteTeam "Unterpfaff Germering"]
[BlackTeam "Landshut"]
[WhiteTeamCountry "GER"]
[BlackTeamCountry "GER"]

1. e4 d6 2. d4 Nf6 3. Nc3 g6 4. Be3 Bg7 5. f3 c6 6. Qd2 0-0 7. 0-0-0 b5 8. g4 Nbd7 9. Bh6 b4 10. Nce2 Qa5 11. Kb1 Nb6 12. Nc1 Be6 13. h4 Bc4 14. Nge2 Ba6 15. Nb3 Qa4 16. h5 Nc4 17. Qc1 Bxh6 18. Qxh6 g5 19. Ng3 Kh8 20. Nf5 Rg8 21. Nxe7 Nd7 22. Bxc4 Bxc4 23. Nxg8 Rxg8 24. Qxd6 c5 25. dxc5 1-0

[Event "Regionalliga SO 9900"]
[Site "Bayern"]
[Date "2000.??.??"]
[Round "4.5"]
[White "Rossmanith, Alexander"]
[Black "Moser, Wolfgang"]
[Result "1-0"]
[WhiteElo "1995"]
[BlackElo "1758"]
[PlyCount "101"]
[EventDate "1999.??.??"]
[EventType "team-tourn"]
[EventRounds "9"]
[EventCountry "GER"]
[SourceTitle "EXT 2020"]
[Source "ChessBase"]
[SourceDate "2019.10.17"]
[SourceVersion "1"]
[SourceVersionDate "2019.10.17"]
[SourceQuality "1"]
[WhiteTeam "Unterpfaff Germering"]
[BlackTeam "Trostberg TSV"]
[WhiteTeamCountry "GER"]
[BlackTeamCountry "GER"]

1. e4 e6 2. d4 d5 3. Nc3 Bb4 4. e5 c5 5. a3 Bxc3+ 6. bxc3 Ne7 7. Qg4 Qc7 8. Qxg7 Rg8 9. Qxh7 cxd4 10. Ne2 Nbc6 11. f4 Bd7 12. Rb1 dxc3 13. Qd3 Na5 14. Qxc3 Rc8 15. Qxc7 Rxc7 16. Nd4 b6 17. g3 Nc4 18. Bd3 Nf5 19. Nxf5 exf5 20. Kf2 Ke7 21. h4 Rc6 22. Rb4 a5 23. Rb5 Rcg6 24. Rxd5 b5 25. Rxd7+ Kxd7 26. Bxf5+ Ke7 27. Bxg6 fxg6 28. h5 Rh8 29. h6 Rh7 30. Kf3 b4 31. axb4 a4 32. Be3 a3 33. Bc5+ Ke6 34. Bf8 a2 35. Ra1 Nxe5+ 36. fxe5 Rf7+ 37. Ke4 Rxf8 38. Rxa2 Rc8 39. Ra6+ Kf7 40. Kd5 Rxc2 41. Ra7+ Kg8 42. b5 Rd2+ 43. Ke6 Rb2 44. Kf6 Rxb5 45. e6 Rb6 46. Re7 Rb3 47. g4 Rb4 48. g5 Rb8 49. Kxg6 Kh8 50. Rf7 Kg8 51. e7 1-0

[Event "Regionalliga SO 9900"]
[Site "Bayern"]
[Date "2000.??.??"]
[Round "6.5"]
[White "Rossmanith, Alexander"]
[Black "Tauber, Rainer"]
[Result "1/2-1/2"]
[WhiteElo "1995"]
[BlackElo "1970"]
[PlyCount "117"]
[EventDate "1999.??.??"]
[EventType "team-tourn"]
[EventRounds "9"]
[EventCountry "GER"]
[SourceTitle "EXT 2020"]
[Source "ChessBase"]
[SourceDate "2019.10.17"]
[SourceVersion "1"]
[SourceVersionDate "2019.10.17"]
[SourceQuality "1"]
[WhiteTeam "Unterpfaff Germering"]
[BlackTeam "Deggendorf"]
[WhiteTeamCountry "GER"]
[BlackTeamCountry "GER"]

1. e4 e6 2. d4 d5 3. Nc3 Be7 4. Bd3 Nf6 5. e5 Nfd7 6. Qg4 g6 7. Nce2 b6 8. c3 Ba6 9. Bc2 c5 10. Bd2 Qc7 11. Rc1 Nc6 12. h4 h5 13. Qf3 Nf8 14. Bb1 Qd7 15. Qf4 Nd8 16. Rh3 Rc8 17. Rf3 Rc7 18. b3 Bxe2 19. Nxe2 c4 20. Qg3 b5 21. Nf4 Qc6 22. Nh3 Qd7 23. b4 Rb7 24. Nf4 Qc7 25. Bc2 Kd7 26. Qh3 Kc6 27. a4 a6 28. Kf1 Qd7 29. Qg3 Kb6 30. Nh3 Ra7 31. Bg5 Bxg5 32. Nxg5 Nh7 33. Ke2 Qe7 34. Nxh7 Rxh7 35. Kd2 Rh8 36. Qf4 Kc6 37. Ra1 Kb6 38. Rh3 Kb7 39. f3 Kb6 40. Rah1 Kc6 41. g4 Kd7 42. a5 Nc6 43. Qg5 Raa8 44. Bd1 Rag8 45. Ke3 Ke8 46. Qxe7+ Nxe7 47. Rg1 Kf8 48. Kf2 Rg7 49. gxh5 Rxh5 50. f4 Rh6 51. h5 gxh5 52. Rxg7 Kxg7 53. Rxh5 Rxh5 54. Bxh5 Ng8 55. Bd1 Ne7 56. Bc2 Kh6 57. Kg3 Kh5 58. Bd1+ Kh6 59. Bc2 1/2-1/2

[Event "Regionalliga SO 9900"]
[Site "Bayern"]
[Date "1999.??.??"]
[Round "3.5"]
[White "Tikovsky, Armin"]
[Black "Rossmanith, Alexander"]
[Result "1/2-1/2"]
[WhiteElo "2055"]
[BlackElo "2000"]
[PlyCount "100"]
[EventDate "1999.??.??"]
[EventType "team-tourn"]
[EventRounds "9"]
[EventCountry "GER"]
[SourceTitle "EXT 2020"]
[Source "ChessBase"]
[SourceDate "2019.10.17"]
[SourceVersion "1"]
[SourceVersionDate "2019.10.17"]
[SourceQuality "1"]
[WhiteTeam "Ebersberg Grafing"]
[BlackTeam "Unterpfaff Germering"]
[WhiteTeamCountry "GER"]
[BlackTeamCountry "GER"]

1. d4 Nf6 2. c4 e6 3. Nc3 Bb4 4. Qc2 d5 5. Nf3 c5 6. a3 Bxc3+ 7. bxc3 Nc6 8. e3 0-0 9. Bd3 dxc4 10. Bxc4 Qc7 11. 0-0 e5 12. Bd3 Rd8 13. Bb2 h6 14. Nxe5 Nxe5 15. dxe5 Ng4 16. c4 Nxe5 17. Rfd1 Be6 18. Qc3 f6 19. Be2 Qf7 20. Rdc1 Rd6 21. f4 Nc6 22. Bf3 Rad8 23. Bxc6 Rxc6 24. e4 Rcd6 25. f5 Bxc4 26. Qxc4 Qxc4 27. Rxc4 Rd1+ 28. Rxd1 Rxd1+ 29. Kf2 Rd2+ 30. Kf3 Rxb2 31. Rxc5 Rb3+ 32. Kf4 Rxa3 33. Rc8+ Kh7 34. g4 b5 35. Rb8 a6 36. h4 Rh3 37. h5 Ra3 38. Rb7 Ra4 39. Ke3 Ra1 40. Kf2 Kg8 41. Rb8+ Kf7 42. Rb7+ Kf8 43. Rb8+ Ke7 44. Rb7+ Kd6 45. Rxg7 Ke5 46. Re7+ Kf4 47. e5 fxe5 48. f6 Ra2+ 49. Ke1 Ra1+ 50. Ke2 Ra2+ 1/2-1/2

[Event "Augsburg Afro op"]
[Site "Augsburg"]
[Date "1997.??.??"]
[Round "4"]
[White "Reichardt, Peter"]
[Black "Rossmanith, Alexander"]
[Result "0-1"]
[WhiteElo "1720"]
[BlackElo "1935"]
[PlyCount "40"]
[EventDate "1997.??.??"]
[EventType "swiss"]
[EventRounds "7"]
[EventCountry "GER"]
[SourceTitle "EXT 2006"]
[Source "ChessBase"]
[SourceDate "2005.11.24"]
[SourceVersion "1"]
[SourceVersionDate "2005.11.24"]
[SourceQuality "1"]

1. d4 d5 2. c4 c6 3. Nf3 Nf6 4. Nc3 e6 5. e3 Nbd7 6. Qc2 Bd6 7. Be2 0-0 8. b3 a6 9. 0-0 b5 10. cxb5 cxb5 11. Bd3 Bb7 12. Bb2 Rc8 13. Qd2 Ne4 14. Bxe4 dxe4 15. Ne1 Nf6 16. f3 exf3 17. Nxf3 Bb4 18. Qd3 Qa5 19. Nd1 Be4 20. Qe2 Rc2 0-1

[Event "Augsburg Afro op"]
[Site "Augsburg"]
[Date "1997.??.??"]
[Round "3"]
[White "Rossmanith, Alexander"]
[Black "Neininger, Ralph"]
[Result "0-1"]
[WhiteElo "1935"]
[BlackElo "2195"]
[PlyCount "130"]
[EventDate "1997.??.??"]
[EventType "swiss"]
[EventRounds "7"]
[EventCountry "GER"]
[SourceTitle "EXT 2006"]
[Source "ChessBase"]
[SourceDate "2005.11.24"]
[SourceVersion "1"]
[SourceVersionDate "2005.11.24"]
[SourceQuality "1"]

1. e4 c6 2. d4 d5 3. Nc3 dxe4 4. Nxe4 Nd7 5. Bd3 Ngf6 6. Ng5 e6 7. N1f3 Bd6 8. Qe2 h6 9. Ne4 Nxe4 10. Qxe4 Nf6 11. Qe2 Qc7 12. Bd2 b6 13. 0-0-0 Bb7 14. Kb1 0-0-0 15. Ba6 b5 16. Bxb7+ Kxb7 17. c4 bxc4 18. Qxc4 Qb6 19. Ne5 Rhf8 20. Qa4 Qb5 21. Qxb5+ cxb5 22. Ba5 Rc8 23. f3 b4 24. a3 bxa3 25. bxa3 Bxa3 26. Rd3 Bd6 27. Rb3+ Ka6 28. Bb4 Bxb4 29. Rxb4 Rb8 30. Rxb8 Rxb8+ 31. Kc2 Rc8+ 32. Kd3 Rc7 33. Nc4 Nd5 34. Ra1+ Kb5 35. Nd6+ Kc6 36. Ne8 Rb7 37. Rc1+ Kd7 38. Nxg7 Nf4+ 39. Ke4 Nxg2 40. Nh5 Nh4 41. Nf6+ Kd6 42. Ra1 Ke7 43. Ng8+ Kf8 44. Nf6 Kg7 45. Ne8+ Kf8 46. Nd6 Rd7 47. Nb5 f5+ 48. Ke3 Rb7 49. Nxa7 Rb3+ 50. Kf4 Rxf3+ 51. Ke5 Kf7 52. Nc6 Re3+ 53. Kd6 Nf3 54. Ra2 Kf6 55. Rg2 f4 56. Rg8 Nxh2 57. Ne5 Re4 58. Rf8+ Kg5 59. Kxe6 Rxd4 60. Rf5+ Kh4 61. Ng6+ Kg3 62. Ke5 Nf3+ 63. Ke6 Ng5+ 64. Ke5 Re4+ 65. Kd5 f3 0-1

[Event "Augsburg Afro op"]
[Site "Augsburg"]
[Date "1997.??.??"]
[Round "6"]
[White "Trnovec, Mihaly"]
[Black "Rossmanith, Alexander"]
[Result "1/2-1/2"]
[WhiteElo "2225"]
[BlackElo "1935"]
[PlyCount "86"]
[EventDate "1997.??.??"]
[EventType "swiss"]
[EventRounds "7"]
[EventCountry "GER"]
[SourceTitle "EXT 2006"]
[Source "ChessBase"]
[SourceDate "2005.11.24"]
[SourceVersion "1"]
[SourceVersionDate "2005.11.24"]
[SourceQuality "1"]

1. e4 e5 2. d4 exd4 3. Qxd4 Nc6 4. Qe3 d6 5. Bd2 Nf6 6. Nc3 Be6 7. 0-0-0 d5 8. exd5 Nxd5 9. Qe1 Qe7 10. Bb5 Qc5 11. Nge2 0-0-0 12. Bxc6 Qxc6 13. Nd4 Qa6 14. Nxe6 fxe6 15. Kb1 Be7 16. Nxd5 Rxd5 17. Bc3 Rxd1+ 18. Qxd1 Bf6 19. Qd3 Qxd3 20. cxd3 Kd7 21. Kc2 Rf8 22. f3 Kd6 23. Re1 Kd5 24. Re4 c5 25. Rg4 Rf7 26. Kd2 Rd7 27. Ke3 Rf7 28. Bxf6 gxf6 29. Rg8 e5 30. h4 Rd7 31. h5 Ke6 32. h6 Kf7 33. Rg7+ Ke6 34. Rxd7 Kxd7 35. Ke4 Ke6 36. g4 b5 37. b3 a6 38. a3 a5 39. f4 exf4 40. Kxf4 a4 41. bxa4 bxa4 42. Ke4 Kd6 43. Kf5 Ke7 1/2-1/2

[Event "Regionalliga SO 9697"]
[Site "Bayern"]
[Date "1996.11.17"]
[Round "2"]
[White "Rossmanith, Alexander"]
[Black "Hamberger, Robert"]
[Result "0-1"]
[WhiteElo "1915"]
[BlackElo "1860"]
[PlyCount "86"]
[EventDate "1996.10.13"]
[EventType "team-tourn"]
[EventRounds "9"]
[EventCountry "GER"]
[SourceTitle "EXT 1999"]
[Source "ChessBase"]
[SourceDate "1998.11.16"]
[SourceVersion "1"]
[SourceVersionDate "1998.11.16"]
[SourceQuality "1"]
[WhiteTeam "Unterpfaff Germering"]
[BlackTeam "Waldkirchen TSV"]
[WhiteTeamCountry "GER"]
[BlackTeamCountry "GER"]

1. e4 e5 2. Nf3 Nc6 3. Bb5 a6 4. Ba4 Nf6 5. 0-0 Be7 6. Re1 d6 7. c3 0-0 8. h3 b5 9. Bb3 Na5 10. Bc2 c5 11. d4 Qc7 12. Nbd2 Bb7 13. d5 Bc8 14. a4 Bd7 15. Nf1 Rfb8 16. b4 cxb4 17. cxb4 Nc4 18. a5 Ne8 19. g4 h5 20. N3h2 hxg4 21. hxg4 g6 22. Ng3 Bh4 23. Bd3 Nf6 24. Qf3 Kg7 25. g5 Nh7 26. Nf5+ gxf5 27. Qh5 Bxf2+ 28. Kxf2 Rh8 29. Rh1 Nf8 30. Qf3 f4 31. Ra2 Rh3 32. Qd1 Qa7+ 33. Ke1 Ne3 34. Qe2 Rc8 35. Bd2 Bg4 36. Qf2 Qc7 37. Rg1 Bh5 38. Ra1 Nc2+ 39. Bxc2 Qxc2 40. Rc1 Qxe4+ 41. Kf1 Qd3+ 42. Kg2 Rg3+ 43. Kh1 Qxd5+ 0-1

[Event "Regionalliga SO 9697"]
[Site "Bayern"]
[Date "1996.10.13"]
[Round "1"]
[White "Juettner, Andreas"]
[Black "Rossmanith, Alexander"]
[Result "1-0"]
[WhiteElo "1970"]
[BlackElo "1920"]
[PlyCount "59"]
[EventDate "1996.10.13"]
[EventType "team-tourn"]
[EventRounds "9"]
[EventCountry "GER"]
[SourceTitle "EXT 1999"]
[Source "ChessBase"]
[SourceDate "1998.11.16"]
[SourceVersion "1"]
[SourceVersionDate "1998.11.16"]
[SourceQuality "1"]
[WhiteTeam "Fuerstenfeldbruck TuS"]
[BlackTeam "Unterpfaff Germering"]
[WhiteTeamCountry "GER"]
[BlackTeamCountry "GER"]

1. e4 e5 2. Nf3 Nc6 3. Bc4 Bc5 4. c3 Nf6 5. d3 d6 6. 0-0 Bg4 7. Nbd2 0-0 8. Re1 Qd7 9. Bb3 Bb6 10. Nf1 Be6 11. Bc2 Rfe8 12. Ng3 d5 13. Ba4 Bg4 14. h3 dxe4 15. Nxe4 Nxe4 16. Rxe4 Bxf3 17. Qxf3 Re6 18. Bg5 Rd6 19. d4 f6 20. dxe5 Nxe5 21. Qe2 Qf5 22. Bb3+ Kh8 23. Bf4 Rad8 24. Re1 h6 25. Bc2 Qd7 26. Qh5 g5 27. Qxh6+ Qh7 28. Qxh7+ Kxh7 29. Rxe5+ Kg7 30. Re7+ 1-0

[Event "Regionalliga SO 9596"]
[Site "Bayern"]
[Date "1996.02.25"]
[Round "6"]
[White "Rossmanith, Alexander"]
[Black "Hasenoehrl, Markus"]
[Result "1-0"]
[WhiteElo "1940"]
[BlackElo "2060"]
[PlyCount "33"]
[EventDate "1995.10.15"]
[EventType "team-tourn"]
[EventRounds "9"]
[EventCountry "GER"]
[SourceTitle "EXT 1999"]
[Source "ChessBase"]
[SourceDate "1998.11.16"]
[SourceVersion "1"]
[SourceVersionDate "1998.11.16"]
[SourceQuality "1"]
[WhiteTeam "Unterpfaff Germering"]
[BlackTeam "Freilassing"]
[WhiteTeamCountry "GER"]
[BlackTeamCountry "GER"]

1. e4 c5 2. Nf3 d6 3. d4 cxd4 4. Nxd4 Nf6 5. Nc3 a6 6. Bg5 e6 7. f4 Qb6 8. Qd2 Qxb2 9. Nb3 Qa3 10. Bxf6 gxf6 11. Be2 h5 12. 0-0 h4 13. Qd4 h3 14. Nb1 e5 15. Qc3 Qa4 16. Qxc8+ Ke7 17. Nc3 1-0

[Event "Bad Woerishofen op 12th"]
[Site "Bad Woerishofen"]
[Date "1996.??.??"]
[Round "1"]
[White "Roeder, Frank"]
[Black "Rossmanith, Alexander"]
[Result "1-0"]
[WhiteElo "2290"]
[BlackElo "1900"]
[PlyCount "67"]
[EventDate "1996.03.08"]
[EventType "swiss"]
[EventRounds "9"]
[EventCountry "GER"]
[SourceTitle "EXT 1997"]
[Source "ChessBase"]
[SourceDate "1996.11.15"]
[SourceVersion "1"]
[SourceVersionDate "1996.11.15"]
[SourceQuality "1"]

1. e4 e5 2. Nc3 Nc6 3. Bc4 Nf6 4. d3 Na5 5. Nge2 Nxc4 6. dxc4 d6 7. 0-0 Be7 8. Ng3 Be6 9. Qd3 0-0 10. Nd5 Nxd5 11. cxd5 Bd7 12. f4 exf4 13. Bxf4 Bg5 14. Qc3 Bxf4 15. Rxf4 Re8 16. Raf1 f6 17. Nh5 Re5 18. g4 Be8 19. Ng3 Bg6 20. h4 Qe7 21. Qb4 Re8 22. h5 a5 23. Qa4 b5 24. Qxb5 Bxe4 25. h6 Bxd5 26. Nf5 Rxf5 27. gxf5 Qe3+ 28. Kh2 c6 29. Qd3 Qb6 30. Qg3 Re2+ 31. R1f2 Rxf2+ 32. Rxf2 Qc7 33. Re2 Kf8 34. hxg7+ 1-0

[Event "Regionalliga SO 9596"]
[Site "Bayern"]
[Date "1995.12.03"]
[Round "3"]
[White "Rader, Lothar"]
[Black "Rossmanith, Alexander"]
[Result "1/2-1/2"]
[WhiteElo "1705"]
[BlackElo "1915"]
[PlyCount "47"]
[EventDate "1995.10.15"]
[EventType "team-tourn"]
[EventRounds "9"]
[EventCountry "GER"]
[SourceTitle "EXT 1999"]
[Source "ChessBase"]
[SourceDate "1998.11.16"]
[SourceVersion "1"]
[SourceVersionDate "1998.11.16"]
[SourceQuality "1"]
[WhiteTeam "Deggendorf"]
[BlackTeam "Unterpfaff Germering"]
[WhiteTeamCountry "GER"]
[BlackTeamCountry "GER"]

1. d4 f5 2. g3 g6 3. Bg2 Nf6 4. c4 Bg7 5. Nh3 0-0 6. 0-0 d6 7. Nc3 Nc6 8. Bg5 h6 9. Bxf6 Bxf6 10. e3 e5 11. Nd5 exd4 12. Nxf6+ Qxf6 13. Bxc6 bxc6 14. Qxd4 c5 15. Qxf6 Rxf6 16. Nf4 Bb7 17. Nd5 Bxd5 18. cxd5 Rb8 19. b3 Rff8 20. Rac1 Rb4 21. Rc3 a5 22. Rfc1 Kf7 23. Rc4 Kf6 24. f4 1/2-1/2

[Event "Bad Woerishofen op 11th"]
[Site "Bad Woerishofen"]
[Date "1995.??.??"]
[Round "5"]
[White "Goy, Udo"]
[Black "Rossmanith, Alexander"]
[Result "1/2-1/2"]
[WhiteElo "2210"]
[BlackElo "1880"]
[PlyCount "55"]
[EventDate "1995.03.10"]
[EventType "swiss"]
[EventRounds "9"]
[EventCountry "GER"]
[SourceTitle "CBM 047 Extra"]
[Source "ChessBase"]
[SourceDate "1995.09.01"]
[SourceVersion "1"]
[SourceVersionDate "1995.09.01"]
[SourceQuality "1"]

1. d4 f5 2. h3 d6 3. g4 fxg4 4. e4 g3 5. fxg3 Nf6 6. Nc3 Nbd7 7. Nf3 e6 8. e5 Nd5 9. Nxd5 exd5 10. Bg5 Be7 11. h4 dxe5 12. dxe5 Bxg5 13. hxg5 Nc5 14. Qd4 Ne4 15. 0-0-0 Bg4 16. Bg2 Bxf3 17. Bxf3 Qxg5+ 18. Kb1 Rd8 19. Rh5 Qe7 20. Rdh1 c5 21. Qe3 g6 22. R5h3 Qg5 23. Qe2 Nd2+ 24. Ka1 Nxf3 25. Qxf3 Qf5 26. Qd1 Rd7 27. g4 Qe6 28. a3 1/2-1/2